000 00299 a2200109 4500
001 ART_39598
005 20260410162000.0
008 260409a
245 1 0 _aConfucio educador
100 1 _aGómez Farías, Alberto
773 0 _tPropuestas
_g- Año 4, Nº 7 (oct. 1998)
_wREV28258
999 _c31218
_d31218